[Event "IECG CP.2005.P.00102"]
[Site "IECG email"]
[Date "2005.10.01"]
[Round "?"]
[White "Elias, Fernando"]
[Black "Murgadas Machado, Reisel Alejandro"]
[Result "0-1"]
[WhiteElo "1189"]
[BlackElo "800"]
[PlyCount "80"]
[EventDate "2005.10.01"]
[EventType "tourn (corr)"]
[EventRounds "6"]
[SourceTitle "Corr 2008"]
[Source "ChessBase"]
[SourceDate "2008.06.24"]
[SourceVersion "1"]
[SourceVersionDate "2008.06.24"]
[SourceQuality "1"]

1. e4 c5 2. Nf3 d6 3. Bb5+ Nc6 4. 0-0 Bd7 5. c3 a6 6. Ba4 Nf6 7. Re1 b5 8. Bc2 Bg4 9. h3 Bxf3 10. Qxf3 g6 11. a4 Rb8 12. axb5 axb5 13. Na3 Bg7 14. Qe2 Qa5 15. Bd3 b4 16. Nc2 Qb6 17. Ra6 Qb7 18. cxb4 Nxb4 19. Nxb4 Qxb4 20. Bc4 Nd7 21. d3 Ne5 22. Ra7 Qb6 23. Ra6 Qb7 24. Ra2 0-0 25. b3 e6 26. Bf4 Ra8 27. Ra4 Rfd8 28. Rc1 Nc6 29. Rxa8 Qxa8 30. Bg5 Nd4 31. Qg4 h5 32. Qd1 Rb8 33. Bf4 Rb6 34. b4 d5 35. exd5 exd5 36. bxc5 Rb2 37. Bd2 dxc4 38. Rxc4 Qa2 39. Be3 Rb1 40. Bc1 Qxc4 0-1

[Event "IECG CP.2005.P.00102"]
[Site "IECG email"]
[Date "2005.10.01"]
[Round "?"]
[White "Murgadas Machado, Reisel Alejandro"]
[Black "Marcotulli, Giancarlo"]
[Result "1-0"]
[WhiteElo "800"]
[BlackElo "2209"]
[PlyCount "71"]
[EventDate "2005.10.01"]
[EventType "tourn (corr)"]
[EventRounds "6"]
[SourceTitle "Corr 2008"]
[Source "ChessBase"]
[SourceDate "2008.06.24"]
[SourceVersion "1"]
[SourceVersionDate "2008.06.24"]
[SourceQuality "1"]

1. e4 e5 2. Nf3 Nc6 3. Bb5 a6 4. Ba4 Nf6 5. 0-0 Be7 6. Re1 b5 7. Bb3 d6 8. c3 0-0 9. h3 Na5 10. Bc2 c5 11. d4 Qc7 12. Nbd2 cxd4 13. cxd4 Bd7 14. Nf1 Rac8 15. Ne3 Rfe8 16. b3 Nc6 17. Bb2 Bf8 18. Rc1 Qd8 19. Qd2 a5 20. Bb1 exd4 21. Nd5 Nxd5 22. exd5 Nb4 23. Qxd4 Rxe1+ 24. Rxe1 Rc5 25. a3 Rxd5 26. Qf4 Na6 27. h4 Nc7 28. Ng5 f5 29. b4 h6 30. Ba2 hxg5 31. hxg5 Be8 32. Qxf5 Bf7 33. Bxd5 Nxd5 34. g6 Bxg6 35. Qxg6 Qc8 36. bxa5 1-0

[Event "IECG QN.2005.0.00363"]
[Site "IECG email"]
[Date "2005.06.17"]
[Round "?"]
[White "Murgadas Machado, Reisel Alejandro"]
[Black "Westbrook, Jonathan"]
[Result "1-0"]
[WhiteElo "800"]
[BlackElo "604"]
[PlyCount "71"]
[EventDate "2005.06.17"]
[EventType "tourn (corr)"]
[EventRounds "6"]
[SourceTitle "Corr 2008"]
[Source "ChessBase"]
[SourceDate "2008.06.24"]
[SourceVersion "1"]
[SourceVersionDate "2008.06.24"]
[SourceQuality "1"]

1. e4 Nc6 2. d4 e6 3. Nf3 Nf6 4. e5 Nd5 5. c4 Nb6 6. Nc3 Bb4 7. Bg5 f6 8. exf6 gxf6 9. Be3 d5 10. Nd2 Bd7 11. c5 Nc4 12. Qh5+ Ke7 13. Nxc4 dxc4 14. Bxc4 Qe8 15. Qe2 Rg8 16. 0-0-0 Bxc3 17. bxc3 Rxg2 18. Bf4 Kd8 19. Bg3 Na5 20. Bd3 Ba4 21. Rde1 Bc6 22. Be4 h6 23. Qf3 f5 24. Qxg2 Bxe4 25. Rxe4 fxe4 26. Qxe4 Qg8 27. Qf4 Rc8 28. Qxh6 Kd7 29. Re1 Rf8 30. Re5 Qf7 31. Re4 Rg8 32. Rf4 Qe7 33. Qh5 Rg5 34. Qf3 Ke8 35. Qe2 a6 36. Bh4 1-0

[Event "IECC CL6-2005.09 email"]
[Site "IECC email"]
[Date "2005.05.30"]
[Round "?"]
[White "Murgadas Machado, Reisel Alejandro"]
[Black "Popp, Tony"]
[Result "1-0"]
[WhiteElo "1239"]
[BlackElo "1456"]
[PlyCount "53"]
[EventDate "2005.??.??"]
[EventType "tourn (corr)"]
[EventRounds "4"]
[SourceTitle "Corr 2008"]
[Source "ChessBase"]
[SourceDate "2008.06.24"]
[SourceVersion "1"]
[SourceVersionDate "2008.06.24"]
[SourceQuality "1"]

1. e4 c5 2. Nf3 g6 3. c3 Bg7 4. d4 Qa5 5. dxc5 Qxc5 6. Be3 Qc7 7. Bd4 Nf6 8. e5 Ne4 9. h4 h5 10. e6 0-0 11. exf7+ Rxf7 12. Bd3 d5 13. Bxe4 dxe4 14. Ng5 Rf4 15. Be3 Rg4 16. Qb3+ Kh8 17. Qf7 Rxg5 18. hxg5 Bf5 19. Nd2 Nc6 20. Rxh5+ gxh5 21. Qxf5 Qh2 22. Qxe4 Qh1+ 23. Nf1 Rd8 24. Ke2 Ne5 25. Re1 Nd3 26. Qxe7 Rd5 27. Qe8+ 1-0